| 000 | 02230cam a22004934i 4500 | ||
|---|---|---|---|
| 003 | PE-LiUPU | ||
| 005 | 20250731173322.0 | ||
| 008 | 150625s2006 xxu rb 000 0 spa d | ||
| 020 | _a1558834508 | ||
| 035 | _a(Sirsi) i9781558834507 | ||
| 040 |
_aPE-LiUPU _bspa _cPE-LiUPU _erda |
||
| 049 | _aPRUA | ||
| 082 | 0 | 4 |
_a280.4 _bV28 _221 |
| 100 | 1 |
_aVan Baalen, Jan Karel, _d1890-1968, _eautor. |
|
| 245 | 1 | 3 |
_aEl caos de las sectas / _cJ. K. Van Baalen y Alberto F. Roldán. |
| 250 | _a2a edición. | ||
| 264 | 1 |
_aGrand Rapids, MI : _bLibros Desafío, _c2006. |
|
| 300 |
_a399 páginas ; _c23 centímetros |
||
| 336 |
_atext _2rdacontent |
||
| 337 |
_aunmediated _2rdamedia |
||
| 338 |
_avolume _2rdacarrier |
||
| 504 | _aNotas bibliográficas al pie de algunas páginas. | ||
| 505 | 0 | _aDefinición del tema a tratar -- la astrología. -El espiritismo -- la teosofía -- la ciencia cristiana -- la Rosacruz -- la escuela de cristianismo de la unidad -- el behaísmo el destino de América -- el swedenborgianismo -- el mormonismo -- el adventismo del séptimo día -- los testigos de Jehová -- el rearmamento moral -- el unitarismo-modernismo -- el libro y la fe -- Modo de comportarse con los miembros de las sectas -- la religión cristiana -- las facturas impagadas de la iglesia -- Presencia de las sectas en América Latina. | |
| 526 | _aSEG42 | ||
| 526 | _aSEG41 | ||
| 526 | _aSEG40 | ||
| 526 | _aSEG39 | ||
| 526 | _aP94 | ||
| 526 | _aP87 | ||
| 526 | _aP86 | ||
| 526 | _aP85 | ||
| 526 | _aP77 | ||
| 526 | _aP76 | ||
| 526 | _aP35 | ||
| 541 | _g003-0003441; | ||
| 650 | 0 | 4 |
_aEstados Unidos _xReligion. |
| 650 | 0 | 4 |
_aSectas _zEstados Unidos. |
| 700 | 1 |
_aRoldán, Alberto F., _eautor. |
|
| 942 |
_2ddc _cBOOK |
||
| 949 |
_a280.4 V28 _wDEWEY _c1 _i57647 _d2016-3-27 _e2016-3-23 _lCCODEBUL1 _mBUL _n2 _p11.00 _r0 _sY _tBOOK _u2015-6-25 _xTEOLOGIA _zUNKNOWN _0COMPRA _o.STAFF. Colección Teología |
||
| 994 |
_aC0 _bPEPRU |
||
| 596 | _a1 | ||
| 999 |
_a280.4 V28 _wDEWEY _c46662 _i57647 _d46662 _e2016-3-23 _f2021-11-11 _g5 _lCCODEBUL1 _mBUL _n2 _p11.00 _q1 _r0 _sY _tBOOK _u2015-6-25 _xTEOLOGIA _PP35 _0COMPRA _o.STAFF. Colección Teología |
||
| 980 |
_81 _gALBERTO SANCHEZ Responsable de Automatización |
||